|
|
|
|
| LEADER |
00000nam a22000007a 4500 |
| 005 |
20210702111933.0 |
| 007 |
cr|||| |||| |
| 008 |
210702s2015 co |||||s|||| 00||0 spa d |
| 020 |
|
|
|a 978-958-762-404-5
|
| 035 |
|
|
|a 33399
|
| 040 |
|
|
|a vLex
|
| 090 |
|
|
|c 11832
|d 11832
|
| 245 |
0 |
0 |
|a Tčnicas para hablar en pb︢lico
|h [Recurso electrn̤ico] /
|
| 256 |
|
|
|a Servicio en ln̕ea
|
| 260 |
|
|
|a Bogot:̀
|b Ediciones de la U,
|c 2015
|
| 300 |
|
|
|a 1 recurso electrn̤ico
|
| 500 |
|
|
|a Hablar bien en pb︢lico es un factor multiplicador muy importante para la promocin̤ personal y profesional. Las situaciones en las que tenemos que pronunciar charlas, o simplemente realizar una breve intervencin̤, ocurren con mucha frecuencia no sl̤o en el trabajo, sino en la vida cotidiana: en reuniones de asociaciones o con amigos, familiares o vecinos. Son situaciones en las que somos especialmente visibles?.
|
| 506 |
1 |
|
|a Disponible solo en los productos indicados
|d vLex Global
|d vLex Global (Academic Edition, excluding Law Schools)
|d vLex Global (U.S. Academic Edition, Law Schools)
|d vLex Global (U.S. Academic Edition, excluding Law Schools)
|d vLex Global (Academic Edition, Law Schools)
|
| 650 |
0 |
4 |
|a Educacin̤
|z Colombia
|
| 740 |
0 |
|
|a vLex Libros (Servicio en ln̕ea)
|
| 856 |
4 |
0 |
|u https://vlex.com/source/tecnicas-para-hablar-en-publico-33399
|z Acceso restringido
|
| 942 |
|
|
|c BOOK
|
| 999 |
0 |
|
|a Education
|